[Event " 19. CAROBNI PRSTEN 2016"]
[Site "Valpovo"]
[Date "2016.12.09"]
[Round "1.1"]
[White "Medic, Mirjana"]
[Black "Mikic, Ivana"]
[Result "1-0"]
[WhiteElo "2147"]
[BlackElo "1593"]
[PlyCount "83"]
[EventDate "2016.12.09"]

1. d4 Nf6 2. Nf3 g6 3. c4 Bg7 4. g3 O-O 5. Bg2 d6 6. O-O Nbd7 7. Nc3 e5 8. h3
Re8 9. e4 Rb8 10. Re1 exd4 11. Nxd4 Ne5 12. b3 Bd7 13. Be3 b6 14. Qc2 Nc6 15.
Nde2 Bc8 16. Rad1 Bb7 17. c5 bxc5 18. Bxc5 Qe7 19. Ba3 a6 20. Nf4 Ne5 21. Ncd5
Nxd5 22. exd5 Qd8 23. Ne2 Bc8 24. Nd4 Qf6 25. f4 Bf5 26. Nxf5 Qxf5 27. Qxf5
gxf5 28. fxe5 Bxe5 29. Kf2 Re7 30. Bf3 Rbe8 31. Kg2 Kh8 32. Rd3 Rg8 33. Bd1
Bxg3 34. Rxe7 Bh4+ 35. Kf1 Bxe7 36. Bb2+ f6 37. Re3 Bd8 38. Re6 Kg7 39. b4 Rf8
40. Be2 a5 41. bxa5 c5 42. a6 1-0

[Event " 19. CAROBNI PRSTEN 2016"]
[Site "Valpovo"]
[Date "2016.12.09"]
[Round "1.2"]
[White "Vidovic, Petra"]
[Black "Roklicer, Heike"]
[Result "0-1"]
[WhiteElo "1465"]
[BlackElo "1992"]
[PlyCount "42"]
[EventDate "2016.12.09"]

1. e4 c6 2. Nf3 d5 3. exd5 cxd5 4. d4 Nc6 5. c3 Nf6 6. h3 Bf5 7. Bf4 e6 8. Bd3
Bg6 9. O-O Bd6 10. Bxd6 Qxd6 11. Qc2 O-O 12. Nfd2 Rac8 13. Nb3 Nb4 14. Qd2 Nxd3
15. Na3 Qf4 16. Qe2 Qg5 17. g3 Nf4 18. Qf3 Nxh3+ 19. Kh2 Ng4+ 20. Kxh3 Qh5+ 21.
Kg2 Qh2# 0-1

[Event " 19. CAROBNI PRSTEN 2016"]
[Site "Valpovo"]
[Date "2016.12.09"]
[Round "1.3"]
[White "Smetisko, Marija"]
[Black "Juric, Ester"]
[Result "1-0"]
[WhiteElo "1891"]
[BlackElo "1455"]
[PlyCount "81"]
[EventDate "2016.12.09"]

1. e4 c5 2. Nf3 d6 3. d4 cxd4 4. Nxd4 Nf6 5. Nc3 e6 6. Be3 Nc6 7. f3 Bd7 8. Be2
Rc8 9. Ncb5 Qe7 10. Nxa7 Ra8 11. Nab5 Qd8 12. Qd2 b6 13. Nxc6 Bxc6 14. a3 Qd7
15. Nd4 Be7 16. Qc3 Rc8 17. Nxc6 Qxc6 18. Qxc6+ Rxc6 19. Bb5 Kd7 20. Bxb6 Rb8
21. Bxc6+ Kxc6 22. Bd4 Kd7 23. O-O-O Ke8 24. e5 Nh5 25. g3 d5 26. Be3 g6 27.
Bh6 Bf8 28. Bxf8 Kxf8 29. Rd4 Ng7 30. g4 Ne8 31. c4 Rd8 32. cxd5 exd5 33. Rhd1
Nc7 34. a4 Ke7 35. b4 Ke6 36. f4 Rc8 37. Kb2 Rd8 38. Rc1 Na8 39. Rc6+ Ke7 40.
b5 h6 41. b6 1-0

[Event " 19. CAROBNI PRSTEN 2016"]
[Site "Valpovo"]
[Date "2016.12.09"]
[Round "1.4"]
[White "Basrak, Tea"]
[Black "Raguz, Ivanka"]
[Result "0-1"]
[WhiteElo "1443"]
[BlackElo "1842"]
[PlyCount "84"]
[EventDate "2016.12.09"]

1. e4 e5 2. f4 exf4 3. Nf3 d5 4. Bb5+ c6 5. Bd3 Bg4 6. O-O Nd7 7. exd5 Qb6+ 8.
Kh1 cxd5 9. Qe1+ Be7 10. Nc3 Ngf6 11. Bb5 d4 12. Bxd7+ Bxd7 13. Ne2 d3 14. cxd3
Qd6 15. d4 h6 16. Ne5 g5 17. Nxd7 Qxd7 18. d3 Kf8 19. b3 Nd5 20. Qf2 Bd6 21.
Bd2 Re8 22. Rfe1 Kg7 23. Rac1 Qf5 24. Nc3 Nb4 25. Rxe8 Nxd3 26. Qe2 Nxc1 27.
Bxc1 f3 28. gxf3 Rxe8 29. Qxe8 Qxf3+ 30. Kg1 Qxc3 31. Qe3 Qc2 32. Qd2 Qe4 33.
Qe3 Qg4+ 34. Kh1 Bf4 35. Qe1 Qf3+ 36. Kg1 Qg4+ 37. Kh1 Bxc1 38. Qxc1 Qxd4 39.
a3 Kg6 40. Qc2+ f5 41. a4 Qe4+ 42. Qxe4 fxe4 0-1

[Event " 19. CAROBNI PRSTEN 2016"]
[Site "Valpovo"]
[Date "2016.12.09"]
[Round "1.5"]
[White "Vukajlovic, Zorana"]
[Black "Juric, Matea"]
[Result "1-0"]
[WhiteElo "1709"]
[BlackElo "1312"]
[PlyCount "63"]
[EventDate "2016.12.09"]

1. e4 e5 2. Nf3 d6 3. d4 exd4 4. Nxd4 Nf6 5. Nc3 Be7 6. Be2 Bd7 7. O-O O-O 8.
Be3 Nc6 9. Nf3 Re8 10. Bc4 Be6 11. Qe2 h6 12. Rad1 Qc8 13. Bb5 a6 14. Bc4 Rb8
15. Nd4 Ne5 16. Nxe6 Nxc4 17. Qxc4 Qxe6 18. Qxe6 fxe6 19. f3 Red8 20. Rd2 d5
21. exd5 exd5 22. Rfd1 c6 23. Ne2 Bf8 24. Nf4 Re8 25. Kf2 Bd6 26. Re1 Nd7 27.
Rde2 Rf8 28. Ne6 Rfe8 29. Nd4 c5 30. Nf5 Be5 31. Bxc5 Nxc5 32. Rxe5 1-0

[Event " 19. CAROBNI PRSTEN 2016"]
[Site "Valpovo"]
[Date "2016.12.09"]
[Round "2.1"]
[White "Raguz, Ivanka"]
[Black "Medic, Mirjana"]
[Result "0-1"]
[WhiteElo "1842"]
[BlackElo "2147"]
[PlyCount "100"]
[EventDate "2016.12.09"]

1. d4 d5 2. c4 e6 3. Nc3 Nf6 4. Bg5 Be7 5. e3 b6 6. Bd3 Bb7 7. Nf3 Nbd7 8. Qe2
O-O 9. h4 c5 10. Ne5 dxc4 11. Nxc4 cxd4 12. exd4 Re8 13. O-O-O Nf8 14. Kb1 Nd5
15. Ne4 f6 16. Bc1 Nb4 17. a3 Nxd3 18. Rxd3 Ba6 19. Ned2 b5 20. Ne3 b4 21. Ndc4
Rc8 22. b3 bxa3 23. h5 Qc7 24. h6 g6 25. Qg4 f5 26. Qe2 Red8 27. d5 Bxc4 28.
Nxc4 exd5 29. Nxa3 Bf6 30. Bd2 Qe5 31. Qxe5 Bxe5 32. Re1 Bf6 33. Nb5 a6 34. Nd4
Kf7 35. f3 Re8 36. Rxe8 Rxe8 37. g4 fxg4 38. fxg4 Re4 39. Nc6 Rxg4 40. Rxd5
Rg1+ 41. Kc2 g5 42. Ra5 g4 43. Rxa6 g3 44. Be3 Rf1 45. Ra7+ Ke6 46. Nd4+ Kd5
47. Rf7 Ke4 48. Rxf8 Kxe3 49. Ne6 g2 50. Rf7 g1=Q 0-1

[Event " 19. ČAROBNI PRSTEN 2016"]
[Site "Valpovo"]
[Date "2016.12.09"]
[Round "2.2"]
[White "Roklicer, Heike"]
[Black "Vukajlovic, Zorana"]
[Result "1/2-1/2"]
[WhiteElo "1992"]
[BlackElo "1709"]
[PlyCount "134"]
[EventDate "2016.12.09"]

1. d4 d5 2. c4 e6 3. Nc3 Nf6 4. Nf3 Be7 5. Bg5 h6 6. Bh4 O-O 7. e3 Nbd7 8. Bd3
b6 9. cxd5 exd5 10. O-O c5 11. Rc1 Bb7 12. Re1 Rc8 13. Bf5 Rc7 14. Nb5 Rc8 15.
Ne5 g5 16. Bg3 Ra8 17. Nc7 Rc8 18. Nxd7 Nxd7 19. Qa4 Rxc7 20. Bxc7 Qxc7 21.
Qxd7 Qxd7 22. Bxd7 Rd8 23. Bf5 c4 24. e4 Bb4 25. Re2 dxe4 26. Bxe4 Bxe4 27.
Rxe4 b5 28. a4 a6 29. axb5 axb5 30. Re5 Rxd4 31. Rxb5 c3 32. Rxb4 Rxb4 33. bxc3
Rb8 34. f3 Kf8 35. Rc2 Ke7 36. Kf2 Kd6 37. Ke3 Kc5 38. c4 f5 39. Kd3 Rb3+ 40.
Kd2 Rb4 41. Kd3 Rb3+ 42. Rc3 Rb2 43. Rc2 Rb3+ 44. Ke2 Rb4 45. g4 fxg4 46. fxg4
Rb3 47. Kf2 Rh3 48. Ke1 Rh4 49. Rg2 Kxc4 50. Kf2 Rh3 51. Kg1 Kd4 52. Ra2 Ke5
53. Kg2 Rd3 54. h3 Ke6 55. Ra6+ Rd6 56. Ra3 Ke5 57. Kg3 Kf6 58. h4 Kg6 59. Rf3
Kg7 60. h5 Rc6 61. Rd3 Kf6 62. Kf3 Re6 63. Rd8 Kg7 64. Rd7+ Kg8 65. Rb7 Rf6+
66. Kg3 Re6 67. Kf3 Rf6+ 1/2-1/2

[Event " 19. CAROBNI PRSTEN 2016"]
[Site "Valpovo"]
[Date "2016.12.09"]
[Round "2.3"]
[White "Maroslavac, Ivana"]
[Black "Smetisko, Marija"]
[Result "0-1"]
[WhiteElo "1676"]
[BlackElo "1891"]
[PlyCount "82"]
[EventDate "2016.12.09"]

1. e4 e5 2. Nf3 d6 3. d4 Nd7 4. Nc3 c6 5. Bc4 Be7 6. O-O Ngf6 7. h3 Qc7 8. Be3
O-O 9. Re1 Re8 10. Bd3 Bf8 11. Qd2 b6 12. Ne2 exd4 13. Nexd4 Nxe4 14. Bxe4 Rxe4
15. Rad1 d5 16. Qd3 Bb7 17. Ng5 Nc5 18. Qe2 Ree8 19. Qh5 h6 20. Ngf3 Ne6 21.
Qg4 Nxd4 22. Bxd4 c5 23. Be5 Qc8 24. Qg3 Qf5 25. c3 Re6 26. Nh4 Qg5 27. Qxg5
hxg5 28. Nf3 Rae8 29. Kf1 f6 30. Bg3 Kf7 31. Rxe6 Rxe6 32. Re1 Ba6+ 33. Kg1 Be2
34. Nd2 d4 35. cxd4 cxd4 36. Rc1 Bb4 37. Nb3 d3 38. Rc7+ Re7 39. Rxe7+ Kxe7 40.
Bb8 a5 41. a4 Bd1 0-1

[Event " 19. CAROBNI PRSTEN 2016"]
[Site "Valpovo"]
[Date "2016.12.09"]
[Round "2.4"]
[White "Mikic, Ivana"]
[Black "Basrak, Tea"]
[Result "1-0"]
[WhiteElo "1593"]
[BlackElo "1443"]
[PlyCount "121"]
[EventDate "2016.12.09"]

1. e4 e5 2. Nf3 Nc6 3. Bb5 Bc5 4. c3 d6 5. O-O Nf6 6. d4 exd4 7. cxd4 Bb4 8. a3
Ba5 9. b4 a6 10. Bxc6+ bxc6 11. bxa5 Bg4 12. Nbd2 O-O 13. Re1 Re8 14. Qc2 Qe7
15. e5 Bxf3 16. Nxf3 Nd7 17. Bg5 Qe6 18. Qxc6 h6 19. exd6 Qxd6 20. Qxd6 cxd6
21. Bf4 d5 22. h3 g5 23. Rxe8+ Rxe8 24. Be5 f6 25. Bd6 Re6 26. Bb4 Nb8 27. Re1
Rxe1+ 28. Nxe1 Nc6 29. Nc2 Kf7 30. Kf1 Ke6 31. Ke2 Kf5 32. Ke3 h5 33. Ne1 Ke6
34. Nd3 Nb8 35. Nc5+ Kf7 36. g3 Kg6 37. Ne6 Kf5 38. Nc7 g4 39. hxg4+ hxg4 40.
Nxd5 Ke6 41. Nxf6 Kxf6 42. Kf4 Nc6 43. Kxg4 Kg6 44. Bc3 Ne7 45. f4 Nd5 46. Bd2
Nf6+ 47. Kf3 Kf5 48. Bb4 Ke6 49. g4 Kd5 50. g5 Nh5 51. Kg4 Ng7 52. f5 Kxd4 53.
f6 Ne6 54. f7 Ke5 55. f8=Q Nxf8 56. Bxf8 Ke6 57. Kh5 Kf7 58. Kh6 Kxf8 59. g6
Kg8 60. g7 Kf7 61. Kh7 1-0

[Event " 19. CAROBNI PRSTEN 2016"]
[Site "Valpovo"]
[Date "2016.12.09"]
[Round "2.5"]
[White "Juric, Matea"]
[Black "Vidovic, Petra"]
[Result "1-0"]
[WhiteElo "1312"]
[BlackElo "1465"]
[PlyCount "61"]
[EventDate "2016.12.09"]

1. e4 e5 2. Nf3 Nf6 3. Nc3 Nc6 4. Bc4 Nxe4 5. Nxe4 d5 6. Bxd5 Qxd5 7. Nc3 Qd8
8. Qe2 Bd6 9. d4 Qe7 10. d5 Nb4 11. a3 Na6 12. Ne4 O-O 13. c4 h6 14. b4 b6 15.
O-O Re8 16. Re1 Bb7 17. Bb2 f6 18. Rac1 Rac8 19. Nh4 Qf8 20. Qg4 Qf7 21. Re3
Rf8 22. Rg3 h5 23. Qf5 Ra8 24. Ng6 Rfd8 25. Qxh5 Qd7 26. Qh8+ Kf7 27. Qh5 Kg8
28. Nxf6+ gxf6 29. Nxe5+ Kf8 30. Qh8+ Ke7 31. Rg7# 1-0

[Event " 19. CAROBNI PRSTEN 2016"]
[Site "Valpovo"]
[Date "2016.12.10"]
[Round "3.1"]
[White "Medic, Mirjana"]
[Black "Smetisko, Marija"]
[Result "0-1"]
[WhiteElo "2147"]
[BlackElo "1891"]
[PlyCount "97"]
[EventDate "2016.12.09"]

1. d4 Nf6 2. Nf3 g6 3. c4 Bg7 4. g3 O-O 5. Bg2 d5 6. cxd5 Qxd5 7. Nc3 Qh5 8. h3
c6 9. Ne5 Qf5 10. O-O Nbd7 11. e4 Qe6 12. Nd3 Ne8 13. Be3 Nc7 14. Rc1 f5 15.
Nf4 Qf7 16. exf5 Qxf5 17. d5 Ne5 18. dxc6 Nxc6 19. Qb3+ Kh8 20. Rfd1 e5 21. Be4
Qf6 22. Nfd5 Nxd5 23. Nxd5 Qf7 24. Bg2 Be6 25. Qa4 Rad8 26. Nc3 Nd4 27. Kh1 a6
28. Qa5 Qf5 29. Qb6 Bc8 30. Ne4 Qh5 31. Rxc8 Qxd1+ 32. Kh2 Rxc8 33. Ng5 Ne2 34.
h4 Qd7 35. Bh3 Qc7 36. Qb3 Qc4 37. Qxb7 Rb8 38. Qa7 Rxb2 39. Be6 Qc6 40. Nf7+
Rxf7 41. Qxf7 Rb8 42. Bd5 Qe8 43. Qa7 Rd8 44. Bf3 Nd4 45. Be4 Qa4 46. h5 Nf5
47. Bg5 Rf8 48. Bg2 Qg4 49. f4 0-1

[Event " 19. CAROBNI PRSTEN 2016"]
[Site "Valpovo"]
[Date "2016.12.10"]
[Round "3.2"]
[White "Raguz, Ivanka"]
[Black "Roklicer, Heike"]
[Result "0-1"]
[WhiteElo "1842"]
[BlackElo "1992"]
[PlyCount "134"]
[EventDate "2016.12.09"]

1. e4 c6 2. d4 d5 3. exd5 cxd5 4. c4 Nf6 5. Nc3 Nc6 6. Bg5 e6 7. cxd5 exd5 8.
Bxf6 gxf6 9. Qe2+ Be6 10. O-O-O Rc8 11. g3 a6 12. Bh3 Qd7 13. Kb1 Be7 14. Qh5
Kd8 15. Bxe6 fxe6 16. Nge2 Kc7 17. Nf4 Kb8 18. Rhe1 Nd8 19. Qg4 f5 20. Qg7 Re8
21. Qxh7 Qd6 22. Nd3 Bf6 23. Nc5 Bxd4 24. Nd7+ Ka7 25. Rxd4 Re7 26. Qh4 Rxd7
27. Ra4 Qb6 28. Rb4 Qxf2 29. Rc1 Nc6 30. Rf4 Qb6 31. Qf6 Nd8 32. Ka1 d4 33.
Nb5+ axb5 34. Rxc8 d3 35. Rf1 d2 36. Rd1 Qd6 37. Qc3 Nc6 38. Qe3+ b6 39. Qa3+
Qxa3 40. bxa3 Kb7 41. Re8 Rd6 42. Kb2 Ne5 43. Re7+ Kc6 44. Re8 Nc4+ 45. Kc3 Kd5
46. h4 e5 47. h5 e4 48. Rxd2+ Nxd2 49. Kxd2 Rh6 50. Rd8+ Kc6 51. Ke3 Rxh5 52.
Rg8 Rh2 53. Rg5 Rxa2 54. Rxf5 Rxa3+ 55. Kf4 Rf3+ 56. Kxe4 Rxg3 57. Rf6+ Kc5 58.
Rf5+ Kb4 59. Kd5 Rc3 60. Rf6 Ka5 61. Rf8 b4 62. Kd4 Kb5 63. Rf5+ Rc5 64. Rf1 b3
65. Kd3 Kb4 66. Rf4+ Ka3 67. Rf8 b2 0-1

[Event " 19. CAROBNI PRSTEN 2016"]
[Site "Valpovo"]
[Date "2016.12.10"]
[Round "3.3"]
[White "Vukajlovic, Zorana"]
[Black "Maroslavac, Ivana"]
[Result "1-0"]
[WhiteElo "1709"]
[BlackElo "1676"]
[PlyCount "43"]
[EventDate "2016.12.09"]

1. e4 g6 2. d4 Bg7 3. Nf3 d6 4. Nc3 Nf6 5. h3 O-O 6. Be3 Nc6 7. Bc4 Nxe4 8.
Nxe4 d5 9. Bd3 dxe4 10. Bxe4 Qd6 11. c3 Be6 12. d5 Bxd5 13. Qxd5 Rad8 14. Rd1
Qf6 15. Qb3 Rxd1+ 16. Qxd1 Qe6 17. Qd5 Qd6 18. O-O Rd8 19. Rd1 Qe6 20. Qxd8+
Nxd8 21. Rxd8+ Bf8 22. Bh6 1-0

[Event " 19. CAROBNI PRSTEN 2016"]
[Site "Valpovo"]
[Date "2016.12.10"]
[Round "3.4"]
[White "Juric, Ester"]
[Black "Mikic, Ivana"]
[Result "0-1"]
[WhiteElo "1455"]
[BlackElo "1593"]
[PlyCount "80"]
[EventDate "2016.12.09"]

1. e4 e5 2. Nf3 Nc6 3. Bc4 Bc5 4. c3 Nf6 5. d4 exd4 6. cxd4 Bb4+ 7. Nc3 Nxe4 8.
O-O Bxc3 9. bxc3 d5 10. Re1 O-O 11. Bd3 Re8 12. Qc2 f5 13. Bg5 Qd6 14. Nd2 Bd7
15. Bxe4 fxe4 16. f3 Qg6 17. f4 Bf5 18. Qb3 h6 19. Bh4 Qh5 20. Qxd5+ Kh8 21.
Bg3 Qg6 22. Nc4 Rad8 23. Qb5 b6 24. Ne3 Bd7 25. f5 Qf7 26. Qb3 Qh5 27. Rf1 Na5
28. Qc2 Qf7 29. Be5 Bb5 30. Rf2 Bd3 31. Qd1 Nc6 32. Qb3 Nxe5 33. dxe5 Qxb3 34.
axb3 Rxe5 35. Rxa7 Rc5 36. c4 Rc6 37. g4 b5 38. cxb5 Bxb5 39. Rf4 Bd3 40. Rb7
Bc2 0-1

[Event " 19. CAROBNI PRSTEN 2016"]
[Site "Valpovo"]
[Date "2016.12.10"]
[Round "3.5"]
[White "Basrak, Tea"]
[Black "Juric, Matea"]
[Result "1-0"]
[WhiteElo "1443"]
[BlackElo "1312"]
[PlyCount "92"]
[EventDate "2016.12.09"]

1. e4 e5 2. f4 d6 3. Nf3 Nc6 4. Bc4 h6 5. O-O Nf6 6. Nc3 Be7 7. d3 Bd7 8. h3
Qc8 9. f5 Na5 10. Bb3 Nxb3 11. axb3 Bc6 12. Be3 b6 13. d4 Bxe4 14. Nxe4 Nxe4
15. dxe5 Qxf5 16. Qd3 dxe5 17. Nd2 Qg6 18. Qxe4 Qxe4 19. Nxe4 O-O 20. Rad1 Rfd8
21. Nc3 c6 22. Rxd8+ Rxd8 23. Rd1 Rc8 24. Rd7 Bb4 25. Rxa7 b5 26. Rd7 Ra8 27.
Rd1 f5 28. Bb6 Kh7 29. Bc7 e4 30. Rf1 Kg6 31. g3 e3 32. Re1 Bc5 33. Bf4 Re8 34.
Kg2 Kf7 35. Kf3 g5 36. Bxe3 g4+ 37. hxg4 fxg4+ 38. Kf2 Bd6 39. Bf4 Bc5+ 40. Be3
Bd6 41. Bxh6 Bxg3+ 42. Kxg3 Rxe1 43. Kxg4 b4 44. Na4 Re2 45. c3 bxc3 46. bxc3
Rb2 1-0

[Event " 19. CAROBNI PRSTEN 2016"]
[Site "Valpovo"]
[Date "2016.12.10"]
[Round "4.1"]
[White "Smetisko, Marija"]
[Black "Vukajlovic, Zorana"]
[Result "0-1"]
[WhiteElo "1891"]
[BlackElo "1709"]
[PlyCount "72"]
[EventDate "2016.12.09"]

1. e4 e5 2. Nf3 Nc6 3. Bc4 Bc5 4. c3 Nf6 5. d3 d6 6. Nbd2 a6 7. Bb3 O-O 8. Nf1
h6 9. Bc2 Ng4 10. d4 exd4 11. cxd4 Ba7 12. a3 Re8 13. Ng3 Nf6 14. d5 Ne5 15.
Nxe5 Rxe5 16. O-O Bd7 17. Kh1 Ng4 18. Qf3 Qh4 19. h3 Nf6 20. Bd2 Rae8 21. Bc3
R5e7 22. Bxf6 gxf6 23. Nh5 Bd4 24. Qg3+ Qg5 25. h4 Qg4 26. Rab1 Kh8 27. f3 Qxh5
28. Qe1 Rg8 29. g4 Bxg4 30. Bd1 Bd7 31. f4 Bg4 32. Kh2 Rxe4 33. Qg3 Bxd1 34.
Qh3 Qe2+ 35. Kh1 Qg4 36. Qh2 Bf3+ 0-1

[Event " 19. CAROBNI PRSTEN 2016"]
[Site "Valpovo"]
[Date "2016.12.10"]
[Round "4.2"]
[White "Roklicer, Heike"]
[Black "Medic, Mirjana"]
[Result "0-1"]
[WhiteElo "1992"]
[BlackElo "2147"]
[PlyCount "104"]
[EventDate "2016.12.09"]

1. d4 e6 2. c4 f5 3. Nc3 Nf6 4. Nf3 d5 5. Bf4 c6 6. e3 Be7 7. Bd3 a5 8. cxd5
exd5 9. Qc2 Ne4 10. Bxe4 fxe4 11. Ne5 Nd7 12. a3 Nxe5 13. Bxe5 O-O 14. O-O Bd6
15. Bxd6 Qxd6 16. Qe2 Qg6 17. f4 exf3 18. Rxf3 Bg4 19. Rxf8+ Rxf8 20. Qd2 Qf6
21. Re1 Qh4 22. e4 dxe4 23. Nxe4 Be6 24. Ng3 Bd5 25. Qe3 Qf4 26. Qxf4 Rxf4 27.
Rd1 Bc4 28. Rd2 g6 29. h3 b5 30. Rd1 Kf7 31. Nf1 Ke6 32. Ne3 Bd5 33. b4 axb4
34. axb4 Kd6 35. Rd2 Rf7 36. Rf2 Ra7 37. Rf6+ Be6 38. Rf1 Ra3 39. Kf2 Rb3 40.
d5 Bxd5 41. Rd1 Rxb4 42. Nxd5 cxd5 43. Ra1 Rb2+ 44. Kf3 Rc2 45. Ra7 Rc7 46. Ra1
b4 47. Ke3 b3 48. Kd3 b2 49. Rb1 Rb7 50. Kc2 Ke5 51. Rxb2 Rxb2+ 52. Kxb2 Ke4
0-1

[Event " 19. CAROBNI PRSTEN 2016"]
[Site "Valpovo"]
[Date "2016.12.10"]
[Round "4.3"]
[White "Mikic, Ivana"]
[Black "Raguz, Ivanka"]
[Result "0-1"]
[WhiteElo "1593"]
[BlackElo "1842"]
[PlyCount "78"]
[EventDate "2016.12.09"]

1. e4 e5 2. Nf3 Nc6 3. Bb5 a6 4. Ba4 Nf6 5. d3 b5 6. Bb3 Be7 7. O-O O-O 8. Re1
d6 9. c3 Bg4 10. Nbd2 Qc8 11. Nf1 h6 12. Ng3 Nd8 13. d4 Ne6 14. h3 Bxf3 15.
Qxf3 exd4 16. Nf5 Qd7 17. cxd4 c5 18. d5 Ng5 19. Bxg5 hxg5 20. Qg3 Nh7 21. f4
Bf6 22. fxg5 Be5 23. Qg4 Qa7 24. Bc2 c4+ 25. Kh1 Qf2 26. Re2 Qc5 27. g6 fxg6
28. Ne7+ Kh8 29. Nxg6+ Kg8 30. Nxf8 Rxf8 31. Rb1 b4 32. Ba4 c3 33. bxc3 bxc3
34. Rc2 Qd4 35. Bd7 Qd3 36. Rbc1 Qxc2 37. Re1 Qf2 38. Rg1 c2 39. Bf5 Qxg1+ 0-1

[Event " 19. CAROBNI PRSTEN 2016"]
[Site "Valpovo"]
[Date "2016.12.10"]
[Round "4.4"]
[White "Juric, Matea"]
[Black "Juric, Ester"]
[Result "1/2-1/2"]
[WhiteElo "1312"]
[BlackElo "1455"]
[PlyCount "64"]
[EventDate "2016.12.09"]

1. e4 e5 2. d3 Nf6 3. f4 d6 4. Nf3 Nc6 5. Nc3 g6 6. Be2 Bg7 7. Be3 O-O 8. O-O
Ng4 9. Qd2 Nxe3 10. Qxe3 f5 11. Rad1 exf4 12. Qxf4 fxe4 13. Qxe4 Bxc3 14. Qc4+
Kh8 15. Qxc3+ Kg8 16. Nd4 Bd7 17. Bf3 Nxd4 18. Qxd4 Rb8 19. Qc4+ Kh8 20. Qc3+
Kg8 21. Qb3+ Kh8 22. Bxb7 Qe7 23. Qc3+ Kg8 24. Rxf8+ Rxf8 25. Bd5+ Be6 26.
Bxe6+ Qxe6 27. Qe1 Qxe1+ 28. Rxe1 c5 29. Re7 Rf7 30. Re8+ Rf8 31. Re7 Rf7 32.
Re8+ Rf8 1/2-1/2

[Event " 19. CAROBNI PRSTEN 2016"]
[Site "Valpovo"]
[Date "2016.12.10"]
[Round "4.6"]
[White "Maroslavac, Ivana"]
[Black "Vidovic, Petra"]
[Result "1/2-1/2"]
[WhiteElo "1676"]
[BlackElo "1465"]
[PlyCount "136"]
[EventDate "2016.12.09"]

1. e4 e5 2. Nf3 Nf6 3. Nxe5 d6 4. Nf3 Nxe4 5. Qe2 Qe7 6. d3 Nf6 7. Nc3 Qxe2+ 8.
Bxe2 Be7 9. O-O Nc6 10. h3 Bf5 11. Be3 a6 12. Rac1 O-O 13. Rfd1 Rad8 14. a3
Rfe8 15. Nd2 b5 16. Bf3 d5 17. d4 h6 18. Ne2 Nb8 19. Nb3 c6 20. Nf4 Nfd7 21.
Nd3 Rc8 22. Bf4 Red8 23. Na5 Re8 24. Ne5 c5 25. Nxd7 Nxd7 26. dxc5 Rxc5 27.
Rxd5 Rxd5 28. Bxd5 Bf6 29. c3 Re2 30. b3 Ra2 31. b4 Rxa3 32. c4 Bb2 33. Re1 Bc3
34. Re8+ Kh7 35. cxb5 axb5 36. Bd6 Nf6 37. Rb8 Nxd5 38. Rxb5 Be6 39. Nc4 Ra1+
40. Kh2 Rb1 41. Na3 Rb2 42. Kg1 Bxb4 43. Be5 Rb3 44. Nc2 Rb1+ 45. Kh2 Rb3 46.
Nxb4 Rxb4 47. Rxb4 Nxb4 48. Bd4 Kg6 49. Kg3 Nd5 50. Ba1 Kh7 51. Bb2 g6 52. Bc1
h5 53. h4 Nf6 54. f3 Nd5 55. Bd2 Kg7 56. Bc1 Kf6 57. Bb2+ Kf5 58. Bc1 Nc3 59.
Kf2 Bc4 60. Bd2 Nd5 61. Kg3 f6 62. Bc1 g5 63. hxg5 fxg5 64. Bd2 Bf1 65. Kf2 Bd3
66. g4+ hxg4 67. fxg4+ Kxg4 68. Bxg5 Kxg5 1/2-1/2

[Event " 19. CAROBNI PRSTEN 2016"]
[Site "Valpovo"]
[Date "2016.12.10"]
[Round "5.1"]
[White "Vukajlovic, Zorana"]
[Black "Medic, Mirjana"]
[Result "0-1"]
[WhiteElo "1709"]
[BlackElo "2147"]
[PlyCount "62"]
[EventDate "2016.12.09"]

1. e4 e6 2. d4 d5 3. Nd2 Nf6 4. e5 Nfd7 5. Bd3 c5 6. c3 Nc6 7. Ne2 cxd4 8. cxd4
Qb6 9. Nf3 f6 10. exf6 Nxf6 11. O-O Bd6 12. Re1 O-O 13. Bb1 e5 14. dxe5 Nxe5
15. Ned4 Nxf3+ 16. Nxf3 Bg4 17. Rf1 Bc5 18. h3 Bxf3 19. gxf3 Rad8 20. Qd3 Qd6
21. Kg2 Qe5 22. Qb5 Bb6 23. f4 Qh5 24. Be3 d4 25. Qb3+ Kh8 26. Bd2 Nd5 27. Kg3
Bc7 28. Qxb7 Qg5+ 29. Kh2 Bxf4+ 30. Bxf4 Qxf4+ 31. Kg1 Ne3 0-1

[Event " 19. CAROBNI PRSTEN 2016"]
[Site "Valpovo"]
[Date "2016.12.10"]
[Round "5.2"]
[White "Smetisko, Marija"]
[Black "Roklicer, Heike"]
[Result "1-0"]
[WhiteElo "1891"]
[BlackElo "1992"]
[PlyCount "47"]
[EventDate "2016.12.09"]

1. e4 c6 2. d4 d5 3. f3 dxe4 4. fxe4 e5 5. Nf3 Bg4 6. Bc4 Nf6 7. Bxf7+ Kxf7 8.
Nxe5+ Kg8 9. Nxg4 h5 10. Nxf6+ Qxf6 11. Qf3 Qxd4 12. Be3 Qf6 13. Qh3 Na6 14.
Rf1 Qe7 15. Nd2 Nb4 16. O-O-O Nxa2+ 17. Kb1 Nb4 18. Rf5 Qe8 19. Rdf1 Bd6 20.
Rf7 Be5 21. Bc5 Qxf7 22. Rxf7 Kxf7 23. Qd7+ Kg8 24. Bxb4 1-0

[Event " 19. CAROBNI PRSTEN 2016"]
[Site "Valpovo"]
[Date "2016.12.10"]
[Round "5.4"]
[White "Juric, Matea"]
[Black "Mikic, Ivana"]
[Result "0-1"]
[WhiteElo "1312"]
[BlackElo "1593"]
[PlyCount "62"]
[EventDate "2016.12.09"]

1. e4 e5 2. Nf3 Nc6 3. Bc4 Bc5 4. d3 Nf6 5. Bg5 h6 6. Bh4 g5 7. Bg3 d6 8. h3
Qe7 9. Nc3 Be6 10. Bb5 Bd7 11. Bc4 Bb4 12. a3 Ba5 13. b4 Bb6 14. Na4 Nh5 15.
Nxb6 axb6 16. Bh2 Nf4 17. Rg1 g4 18. hxg4 Bxg4 19. Bxf4 exf4 20. Qd2 Qf6 21.
Ra2 Bxf3 22. gxf3 Ne5 23. Qe2 Nxc4 24. dxc4 Qc3+ 25. Kf1 Rxa3 26. Qd3 Qxd3+ 27.
cxd3 Rxa2 28. Kg2 Rg8+ 29. Kh1 Rxg1+ 30. Kxg1 Ke7 31. Kf1 Kf6 0-1

[Event " 19. CAROBNI PRSTEN 2016"]
[Site "Valpovo"]
[Date "2016.12.10"]
[Round "5.5"]
[White "Juric, Ester"]
[Black "Maroslavac, Ivana"]
[Result "1/2-1/2"]
[WhiteElo "1455"]
[BlackElo "1676"]
[PlyCount "119"]
[EventDate "2016.12.09"]

1. d4 g6 2. c4 Bg7 3. e3 d6 4. Nf3 Nc6 5. Nc3 e5 6. d5 Nce7 7. e4 f5 8. g3 Nf6
9. Qc2 O-O 10. Bg2 fxe4 11. Nxe4 Nxe4 12. Qxe4 Bf5 13. Qe2 Qd7 14. O-O Bg4 15.
Rd1 Rae8 16. Qe4 Bf5 17. Qe2 Rf7 18. Ng5 Rff8 19. Be3 h6 20. Ne6 Bxe6 21. dxe6
Qxe6 22. Bxb7 Rb8 23. Bg2 a6 24. Qd2 Kh7 25. Qc2 Qf5 26. Be4 Qf6 27. Ba7 Rbd8
28. Be3 Nf5 29. Rf1 Nd4 30. Bxd4 exd4 31. Qa4 Rfe8 32. Rae1 d3 33. Bxd3 Rxe1
34. Rxe1 Qxb2 35. Qxa6 Qd2 36. Bxg6+ Kxg6 37. Re6+ Kf7 38. Re3 Qd1+ 39. Kg2 Qg4
40. Rf3+ Kg8 41. Qc6 Qd7 42. Qd5+ Kh8 43. Rf7 Qc8 44. a4 Rd7 45. Rf3 Re7 46.
Qd3 Qa8 47. Qb3 Rf7 48. h4 Rxf3 49. Qxf3 Qxa4 50. Qf7 Qc6+ 51. Kg1 Qb7 52. h5
Qb1+ 53. Kg2 Qe4+ 54. Kg1 Qe1+ 55. Kg2 Bd4 56. Qf8+ Kh7 57. Qf7+ Kh8 58. Qf8+
Kh7 59. Qf7+ Kh8 60. Qf8+ 1/2-1/2

[Event " 19. CAROBNI PRSTEN 2016"]
[Site "Valpovo"]
[Date "2016.12.10"]
[Round "5.6"]
[White "Basrak, Tea"]
[Black "Vidovic, Petra"]
[Result "1-0"]
[WhiteElo "1443"]
[BlackElo "1465"]
[PlyCount "89"]
[EventDate "2016.12.09"]

1. e4 e5 2. f4 exf4 3. Nf3 Nf6 4. Nc3 Bb4 5. e5 Ng4 6. Bc4 Bc5 7. d4 Bb6 8.
Bxf4 Nc6 9. O-O Qe7 10. Nd5 Qf8 11. h3 Nh6 12. Bxh6 gxh6 13. Nxb6 axb6 14. Nh4
Qe7 15. Bxf7+ Kd8 16. Qh5 Qg5 17. Qxg5+ hxg5 18. Nf3 h6 19. d5 Nb4 20. c3 Na6
21. Rad1 Nc5 22. b4 Ne4 23. Rd3 Rxa2 24. e6 Ng3 25. Re1 Nf5 26. g4 Ne7 27. Ne5
d6 28. Ng6 Rh7 29. Nxe7 Kxe7 30. Rf1 Re2 31. Rdf3 c6 32. Bg6 Rg7 33. Rf7+ Rxf7
34. Rxf7+ Kd8 35. Rf8+ Kc7 36. Bf5 Rd2 37. e7 Rd1+ 38. Kf2 Bxf5 39. gxf5 c5 40.
e8=Q Rd2+ 41. Ke1 b5 42. Rf7+ Kb6 43. Qd8+ Ka7 44. Qa5+ Kb8 45. Rf8# 1-0

[Event " 19. CAROBNI PRSTEN 2016"]
[Site "Valpovo"]
[Date "2016.12.11"]
[Round "6.1"]
[White "Raguz, Ivanka"]
[Black "Smetisko, Marija"]
[Result "1/2-1/2"]
[WhiteElo "1842"]
[BlackElo "1891"]
[PlyCount "59"]
[EventDate "2016.12.09"]

1. d4 Nf6 2. c4 g6 3. Nc3 d5 4. cxd5 Nxd5 5. e4 Nxc3 6. bxc3 Bg7 7. Bc4 c5 8.
Ne2 Nc6 9. Be3 O-O 10. O-O Bg4 11. f3 Bd7 12. Rb1 Qc7 13. dxc5 Rad8 14. Qc2 Ne5
15. Bd5 Rb8 16. Rfd1 Rfd8 17. Kh1 a6 18. Bg1 Bb5 19. c4 Be8 20. f4 Nd7 21. e5
Nxc5 22. Nc3 Bd7 23. Qf2 Ne6 24. Rb6 Bc8 25. Rdb1 Nf8 26. Qf3 e6 27. Bxb7 Bxb7
28. Rxb7 Rxb7 29. Rxb7 Qxc4 30. Ne4 1/2-1/2